| 000 | 00870cam a22002414a 4500 | ||
|---|---|---|---|
| 001 | 13280271 | ||
| 005 | 20260304120900.0 | ||
| 008 | 030718s2003 iluab b 001 0 eng | ||
| 020 |
_a0830827307 _qpbk. : alk. paper |
||
| 020 |
_a0851117872 _qUK |
||
| 020 |
_a9780830827305 _q(pbk. : alk. paper) |
||
| 020 |
_a9780851117874 _q(UK) |
||
| 050 | 0 | 0 |
_aBS1197 _b.T63 2003 |
| 082 | 0 | 0 |
_a296/.09/014 _222 |
| 100 | 1 |
_aTomasino, Anthony J., _d1961- |
|
| 245 | 1 | 0 |
_aJudaism before Jesus : _bthe events and ideas that shaped the New Testament world / _cAnthony J. Tomasino. |
| 260 |
_aDowners Grove, Ill. : _bInterVarsity Press, _cc2003. |
||
| 300 |
_a345 p. : _bill., maps ; _c23 cm. |
||
| 650 | 0 |
_aJews _xHistory _yTo 70 A.D. |
|
| 650 | 0 |
_aJudaism _xHistory _yTo 70 A.D. |
|
| 856 | 4 | 1 |
_3Table of contents _uhttp://www.loc.gov/catdir/toc/ecip046/2003016151.html |
| 942 |
_2lcc _cBK _n0 |
||
| 999 |
_c8866 _d8866 |
||